| 000 | 00364nam a22001337a 4500 | ||
|---|---|---|---|
| 020 | _a1563470071 | ||
| 040 | _cNUST | ||
| 082 | _a629.1 ORB-P | ||
| 100 |
_aChobotov, Vladimir A _959439 |
||
| 245 | _aOrbital Mechanics | ||
| 260 |
_aWashington: _bAmerican Institute of Aeronautics and Astronautics, _c1991. |
||
| 650 |
_aOrbital Mechanics _919174 |
||
| 942 |
_2ddc _cBK |
||
| 999 |
_c595436 _d595436 |
||